000 00721nam a22002297a 4500
003 UA-OsUOA
001 117560
007 ta
008 20160602b un ||||| |||| 00| 0 ukr d
090 _a012:929
_bЩ92
942 _cBK
040 _aUA-OsUOA
_bukr
_cUA-OsUOA
_dUA-OsUOA
245 _aГеоргій Васильович Щокін
_bбіобібліографічний покажчик
_cуклад.: Л. О. Бродська, І. А. Ігнатецька
300 _a360 с.
955 _a1
041 _aukr
080 _a012:929
020 _a966-608-425-2
260 _aК.
_bМАУП
_c2004
650 7 _a01 Бібліографія і бібліографії. Каталоги
_2UDC
999 _c403589
_d403589